Statistiques concernant Bassin hydrographique des capitales européennes

Cliquez ici pour prendre le quiz!

Statistiques générales

  • Ce quiz a été pris 66 fois
  • Le résultat moyen est 16 sur 46

Statistiques - réponses

PaysCapitaleCours d'eauBassin (mer)% Correct
SlovaquieBratislavaDanube
95%
SerbieBelgradeDanube
95%
AutricheVienneDanube
95%
HongrieBudapestDanube
95%
FranceParisSeine
93%
Mer Méditerranée
89%
Mer du Nord
84%
LiechtensteinVaduzRhin
84%
Royaume-UniLondresTamise
84%
Mer Baltique
82%
Océan Atlantique
75%
Mer Égée
72%
ItalieRomeTibreMer Tyrrhénienne
62%
Mer d'Irlande
59%
UkraineKievDniepr
51%
PortugalLisbonneTageOcéan Atlantique
49%
PologneVarsovieVistule
49%
SuisseBerneAar
36%
Mer Tyrrhénienne
28%
RussieMoscouMoskova
26%
AllemagneBerlinSprée
25%
Pays-BasAmsterdamAmstelMer du Nord
21%
LuxembourgLuxembourgAlzette
16%
BelgiqueBruxellesSenne
16%
SlovénieLjubljanaLjubljanica
15%
CroatieZagrebSave
15%
TchéquiePragueVltava
15%
IrlandeDublinLiffeyMer d'Irlande
11%
EspagneMadridManzanares
10%
LettonieRigaDaugavaMer Baltique
7%
Saint-MarinSaint-MarinRio San Marino
7%
Bosnie-HerzégovineSarajevoMiljacka
5%
LituanieVilniusNéris
5%
AndorreAndorre-la-VieilleValira
5%
NorvègeOsloAkerselvaMer du Nord
3%
MoldavieChisinauBîc
3%
RoumanieBucarestDambovita
3%
AlbanieTiranaLana
3%
MonténégroPodgoricaMoraca
3%
BiélorussieMinskSvislotch
3%
Macédoine du NordSkopjeVardar
3%
IslandeReykjavikEllidaáOcéan Atlantique
2%
BulgarieSofiaIskar
2%
FinlandeHelsinkiVantaaMer Baltique
2%
ChypreNicosiePedieos
0%
EstonieTallinnPiritaMer Baltique
0%

Distribution des résultats

Percentile par nombre de réponses

% des personnes avec chaque résultat

Votre développement - résultats

Vous n’avez pas pris ce quiz